[Event "Blitz 2018"]
[Site "Saint-Petersburg"]
[Date "2018.12.29"]
[Round "8"]
[Board "38"]
[White "Sanal Vahap (TUR)"]
[Black "Maghsoodloo Parham (IRI)"]
[Result "0-1"]
[LiveChessVersion "1.4.8"]
[BlackElo "2642"]
[WhiteElo "2488"]

1. e4 {[%clk 0:03:03]} e5 {[%clk 0:03:03]} 2. Nf3 {[%clk 0:03:03]} Nc6
{[%clk 0:03:05]} 3. Bb5 {[%clk 0:03:04]} a6 {[%clk 0:03:05]} 4. Bxc6
{[%clk 0:03:04]} dxc6 {[%clk 0:03:06]} 5. O-O {[%clk 0:03:04]} Bd6
{[%clk 0:03:03]} 6. d4 {[%clk 0:03:03]} exd4 {[%clk 0:03:03]} 7. Qxd4
{[%clk 0:03:02]} f6 {[%clk 0:03:02]} 8. Bd2 {[%clk 0:02:58]} Ne7 {[%clk 0:02:56]}
9. Bb4 {[%clk 0:02:59]} Bxb4 {[%clk 0:02:17]} 10. Qxb4 {[%clk 0:03:00]} O-O
{[%clk 0:02:13]} 11. h3 {[%clk 0:02:52]} Ng6 {[%clk 0:02:08]} 12. Nc3
{[%clk 0:02:47]} Qe8 {[%clk 0:02:04]} 13. Ne2 {[%clk 0:02:36]} b6
{[%clk 0:02:03]} 14. Rfe1 {[%clk 0:02:26]} c5 {[%clk 0:02:02]} 15. Qb3+
{[%clk 0:02:26]} Be6 {[%clk 0:02:02]} 16. Qe3 {[%clk 0:02:27]} Qc6
{[%clk 0:01:59]} 17. Nf4 {[%clk 0:02:24]} Nxf4 {[%clk 0:01:50]} 18. Qxf4
{[%clk 0:02:25]} a5 {[%clk 0:01:52]} 19. a3 {[%clk 0:02:09]} h6 {[%clk 0:01:50]}
20. Rad1 {[%clk 0:02:06]} Rae8 {[%clk 0:01:50]} 21. Nh4 {[%clk 0:01:56]} Kh7
{[%clk 0:01:28]} 22. Qg3 {[%clk 0:01:52]} Bf7 {[%clk 0:01:10]} 23. Qd3
{[%clk 0:01:35]} Be6 {[%clk 0:00:56]} 24. Qf3 {[%clk 0:01:26]} c4
{[%clk 0:00:53]} 25. Nf5 {[%clk 0:01:25]} Qc5 {[%clk 0:00:50]} 26. Nd4
{[%clk 0:01:16]} Bc8 {[%clk 0:00:49]} 27. c3 {[%clk 0:01:13]} Re5
{[%clk 0:00:42]} 28. Qg3 {[%clk 0:00:58]} Rfe8 {[%clk 0:00:40]} 29. f3
{[%clk 0:00:56]} Qe7 {[%clk 0:00:14]} 30. Kh1 {[%clk 0:00:53]} Bd7
{[%clk 0:00:14]} 31. Nc2 {[%clk 0:00:38]} Ba4 {[%clk 0:00:15]} 32. Rd2
{[%clk 0:00:31]} f5 {[%clk 0:00:16]} 33. Ne3 {[%clk 0:00:28]} fxe4
{[%clk 0:00:11]} 34. f4 {[%clk 0:00:29]} Rc5 {[%clk 0:00:11]} 35. Rd4
{[%clk 0:00:23]} Bc6 {[%clk 0:00:11]} 36. Nxc4 {[%clk 0:00:20]} g5
{[%clk 0:00:12]} 37. Ne3 {[%clk 0:00:13]} Rf8 {[%clk 0:00:12]} 38. f5
{[%clk 0:00:14]} Qe5 {[%clk 0:00:12]} 39. Qxe5 {[%clk 0:00:11]} Rxe5
{[%clk 0:00:13]} 40. Rc4 {[%clk 0:00:12]} Rc5 {[%clk 0:00:12]} 41. Rxc5
{[%clk 0:00:13]} bxc5 {[%clk 0:00:13]} 42. Rd1 {[%clk 0:00:13]} h5
{[%clk 0:00:10]} 43. g4 {[%clk 0:00:15]} hxg4 {[%clk 0:00:10]} 44. hxg4
{[%clk 0:00:16]} Kg7 {[%clk 0:00:10]} 45. Kg2 {[%clk 0:00:14]} Rb8
{[%clk 0:00:11]} 46. Rd2 {[%clk 0:00:15]} a4 {[%clk 0:00:12]} 47. Nd5
{[%clk 0:00:08]} e3 {[%clk 0:00:12]} 48. Rd3 {[%clk 0:00:05]} c4 {[%clk 0:00:12]}
49. Rd4 {[%clk 0:00:05]} Rb5 {[%clk 0:00:12]} 50. Kf3 {[%clk 0:00:06]} Bxd5+
{[%clk 0:00:12]} 51. Kxe3 {[%clk 0:00:07]} Kf6 {[%clk 0:00:10]} 52. Rd2
{[%clk 0:00:08]} Ke5 {[%clk 0:00:12]} 53. Rh2 {[%clk 0:00:08]} Rb8
{[%clk 0:00:11]} 54. Rh7 {[%clk 0:00:04]} Rxb2 {[%clk 0:00:11]} 55. Rxc7
{[%clk 0:00:05]} Rg2 {[%clk 0:00:09]} 56. Re7+ {[%clk 0:00:05]} Kd6
{[%clk 0:00:10]} 57. Ra7 {[%clk 0:00:04]} Rxg4 {[%clk 0:00:11]} 58. Rxa4
{[%clk 0:00:03]} Ke5 {[%clk 0:00:11]} 59. f6 {[%clk 0:00:03]} Kxf6
{[%clk 0:00:10]} 60. Ra7 {[%clk 0:00:04]} Ke5 {[%clk 0:00:07]} 61. a4
{[%clk 0:00:05]} Rg3+ 62. Kd2 Rd3+ {[%clk 0:00:06]} 63. Kc2 {[%clk 0:00:08]} g4
{[%clk 0:00:07]} 64. a5 {[%clk 0:00:09]} g3 65. a6 g2 {[%clk 0:00:09]} 66. Rg7
{[%clk 0:00:11]} Be4 {[%clk 0:00:09]} 67. Kb2 {[%clk 0:00:07]} Rd1
{[%clk 0:00:07]} 68. Re7+ {[%clk 0:00:04]} Kf5 {[%clk 0:00:08]} 69. a7
{[%clk 0:00:03]} 0-1

[Event "Blitz 2018"]
[Site "Saint-Petersburg"]
[Date "2018.12.29"]
[Round "8"]
[Board "39"]
[White "Oganian Miran (RUS)"]
[Black "Savchenko Boris (RUS)"]
[Result "1-0"]
[LiveChessVersion "1.4.8"]
[BlackElo "2639"]
[WhiteElo "2326"]

1. d4 {[%clk 0:03:03]} Nf6 {[%clk 0:03:03]} 2. c4 {[%clk 0:03:04]} g6
{[%clk 0:03:04]} 3. Nc3 {[%clk 0:03:05]} Bg7 {[%clk 0:03:05]} 4. e4
{[%clk 0:03:06]} d6 {[%clk 0:03:06]} 5. Nf3 {[%clk 0:03:07]} O-O {[%clk 0:03:03]}
6. Be2 {[%clk 0:03:08]} c5 {[%clk 0:03:03]} 7. d5 {[%clk 0:03:08]} b5
{[%clk 0:03:03]} 8. cxb5 {[%clk 0:03:08]} a6 {[%clk 0:03:04]} 9. O-O
{[%clk 0:03:02]} axb5 {[%clk 0:03:04]} 10. Bxb5 {[%clk 0:03:03]} Qa5
{[%clk 0:03:02]} 11. a4 {[%clk 0:02:46]} Ba6 {[%clk 0:03:01]} 12. Qc2
{[%clk 0:02:28]} Nfd7 {[%clk 0:02:46]} 13. Bd2 {[%clk 0:02:24]} Qb6
{[%clk 0:02:46]} 14. Rab1 {[%clk 0:02:16]} Rc8 {[%clk 0:02:47]} 15. b3
{[%clk 0:02:07]} Bxc3 {[%clk 0:02:40]} 16. Bxa6 {[%clk 0:01:56]} Qxa6
{[%clk 0:02:41]} 17. Qxc3 {[%clk 0:01:41]} c4 {[%clk 0:02:41]} 18. b4
{[%clk 0:00:54]} Qxa4 {[%clk 0:02:35]} 19. Ra1 {[%clk 0:00:50]} Nb6
{[%clk 0:02:35]} 20. Rxa4 {[%clk 0:00:45]} Nxa4 {[%clk 0:02:35]} 21. Qc2
{[%clk 0:00:38]} Nd7 {[%clk 0:02:34]} 22. Ra1 {[%clk 0:00:34]} Nab6
{[%clk 0:02:33]} 23. Rxa8 {[%clk 0:00:34]} Nxa8 {[%clk 0:02:34]} 24. Be3
{[%clk 0:00:33]} Nf6 {[%clk 0:02:32]} 25. Bd4 {[%clk 0:00:32]} Nd7
{[%clk 0:02:30]} 26. h4 {[%clk 0:00:32]} f6 {[%clk 0:02:30]} 27. h5
{[%clk 0:00:33]} g5 {[%clk 0:02:31]} 28. Nd2 {[%clk 0:00:29]} Kf8
{[%clk 0:02:30]} 29. Nb1 {[%clk 0:00:28]} Kf7 {[%clk 0:02:17]} 30. Nc3
{[%clk 0:00:29]} Kg7 {[%clk 0:02:16]} 31. Qa4 {[%clk 0:00:25]} Rd8
{[%clk 0:02:15]} 32. Qc6 {[%clk 0:00:22]} Kh6 {[%clk 0:02:15]} 33. Qxc4
{[%clk 0:00:22]} Kxh5 {[%clk 0:02:16]} 34. Qd3 {[%clk 0:00:22]} Kh6
{[%clk 0:02:16]} 35. Ne2 {[%clk 0:00:22]} Kg7 {[%clk 0:02:16]} 36. Ng3
{[%clk 0:00:23]} Rb8 {[%clk 0:02:17]} 37. Nf5+ {[%clk 0:00:24]} Kf7
{[%clk 0:02:19]} 38. Qh3 {[%clk 0:00:22]} Nf8 {[%clk 0:02:16]} 39. Qh5+
{[%clk 0:00:23]} Kg8 {[%clk 0:02:16]} 40. Nh6+ {[%clk 0:00:21]} Kg7
{[%clk 0:02:18]} 41. Qxg5+ {[%clk 0:00:22]} Ng6 {[%clk 0:02:19]} 42. Nf5+
{[%clk 0:00:18]} Kf7 {[%clk 0:02:18]} 43. Qh6 {[%clk 0:00:18]} Rg8
{[%clk 0:02:15]} 44. Qxh7+ {[%clk 0:00:16]} Kf8 {[%clk 0:02:17]} 45. g3
{[%clk 0:00:10]} Nc7 {[%clk 0:02:18]} 46. Qh6+ {[%clk 0:00:10]} Kf7
{[%clk 0:02:20]} 47. Qc1 {[%clk 0:00:10]} Nb5 {[%clk 0:02:19]} 48. Bb2
{[%clk 0:00:08]} Rb8 {[%clk 0:02:18]} 49. Kg2 {[%clk 0:00:09]} Ra8
{[%clk 0:02:15]} 50. Qh6 {[%clk 0:00:09]} Rg8 {[%clk 0:02:16]} 51. Qh7+
{[%clk 0:00:11]} Kf8 {[%clk 0:02:17]} 52. Qh6+ {[%clk 0:00:12]} Kf7
{[%clk 0:02:19]} 53. Nd4 {[%clk 0:00:10]} Nc7 {[%clk 0:02:18]} 54. Ne6
{[%clk 0:00:10]} Nxe6 {[%clk 0:02:19]} 55. dxe6+ {[%clk 0:00:11]} Kxe6
{[%clk 0:02:19]} 56. Kf1 {[%clk 0:00:08]} Kf7 {[%clk 0:02:19]} 57. Qe3
{[%clk 0:00:06]} Rb8 {[%clk 0:02:19]} 58. Qb3+ {[%clk 0:00:07]} Kf8
{[%clk 0:02:20]} 59. b5 {[%clk 0:00:09]} Nh8 {[%clk 0:02:19]} 60. b6
{[%clk 0:00:09]} Nf7 {[%clk 0:02:18]} 61. Bd4 {[%clk 0:00:09]} Nd8
{[%clk 0:02:18]} 62. Qc4 {[%clk 0:00:07]} Ke8 {[%clk 0:02:18]} 63. Qb5+
{[%clk 0:00:08]} Kf8 {[%clk 0:02:18]} 64. Qd7 {[%clk 0:00:08]} Kf7
{[%clk 0:02:18]} 65. Qc7 {[%clk 0:00:09]} Ra8 {[%clk 0:02:19]} 66. b7
{[%clk 0:00:09]} Nxb7 {[%clk 0:02:18]} 67. Qxb7 {[%clk 0:00:10]} Ra3
{[%clk 0:02:18]} 68. Kg2 {[%clk 0:00:10]} Rd3 {[%clk 0:02:19]} 69. Qd5+
{[%clk 0:00:11]} Kf8 {[%clk 0:02:20]} 70. Qc4 {[%clk 0:00:11]} Rd2
{[%clk 0:02:21]} 71. Qc3 {[%clk 0:00:11]} Re2 {[%clk 0:02:22]} 72. Bxf6
{[%clk 0:00:12]} Rxe4 {[%clk 0:02:23]} 73. Bd4 {[%clk 0:00:11]} Re6
{[%clk 0:02:22]} 74. Qf3+ {[%clk 0:00:12]} Ke8 {[%clk 0:02:24]} 75. Qd5
{[%clk 0:00:12]} Rh6 {[%clk 0:02:25]} 76. Qe4 {[%clk 0:00:12]} Kd8
{[%clk 0:02:25]} 77. Be3 {[%clk 0:00:12]} Rh8 {[%clk 0:02:25]} 78. Qa8+
{[%clk 0:00:13]} Ke8 1-0

[Event "Blitz 2018"]
[Site "Saint-Petersburg"]
[Date "2018.12.29"]
[Round "8"]
[Board "40"]
[White "Christiansen Johan-Sebastian (NOR)"]
[Black "Nihal Sarin (IND)"]
[Result "1-0"]
[LiveChessVersion "1.4.8"]
[BlackElo "2506"]
[WhiteElo "2635"]

1. e4 {[%clk 0:03:02]} g6 {[%clk 0:03:02]} 2. d4 {[%clk 0:03:02]} Bg7
{[%clk 0:03:02]} 3. Nc3 {[%clk 0:03:02]} d6 {[%clk 0:03:02]} 4. f4
{[%clk 0:03:02]} Nf6 {[%clk 0:03:02]} 5. Nf3 {[%clk 0:03:02]} O-O
{[%clk 0:02:56]} 6. e5 {[%clk 0:03:04]} dxe5 {[%clk 0:02:38]} 7. fxe5
{[%clk 0:03:04]} Nd5 {[%clk 0:02:39]} 8. Bc4 {[%clk 0:03:04]} Be6
{[%clk 0:02:40]} 9. Bxd5 {[%clk 0:02:57]} Bxd5 {[%clk 0:02:41]} 10. Nxd5
{[%clk 0:02:58]} Qxd5 {[%clk 0:02:41]} 11. Qe2 {[%clk 0:02:59]} Nc6
{[%clk 0:01:57]} 12. c4 {[%clk 0:02:50]} Qa5+ {[%clk 0:01:58]} 13. Bd2
{[%clk 0:02:49]} Qb6 {[%clk 0:02:00]} 14. Bc3 {[%clk 0:02:45]} e6
{[%clk 0:02:00]} 15. O-O {[%clk 0:02:21]} Rad8 {[%clk 0:01:59]} 16. Rad1
{[%clk 0:02:12]} Ne7 {[%clk 0:01:57]} 17. Qf2 {[%clk 0:01:37]} Rd7
{[%clk 0:01:08]} 18. Kh1 {[%clk 0:01:27]} Qc6 {[%clk 0:01:07]} 19. Qe2
{[%clk 0:01:16]} h5 {[%clk 0:00:56]} 20. Ng5 {[%clk 0:00:48]} Nf5
{[%clk 0:00:38]} 21. Rxf5 {[%clk 0:00:38]} exf5 {[%clk 0:00:33]} 22. d5
{[%clk 0:00:40]} Qa6 {[%clk 0:00:30]} 23. e6 {[%clk 0:00:32]} Bxc3
{[%clk 0:00:18]} 24. exd7 {[%clk 0:00:19]} Bf6 {[%clk 0:00:18]} 25. Nf3
{[%clk 0:00:10]} Qa4 {[%clk 0:00:19]} 26. c5 {[%clk 0:00:06]} Qxd7
{[%clk 0:00:19]} 27. Qc4 {[%clk 0:00:06]} Re8 {[%clk 0:00:18]} 28. b4
{[%clk 0:00:06]} Re4 29. Qb3 Kg7 {[%clk 0:00:13]} 30. h3 {[%clk 0:00:09]} g5
{[%clk 0:00:13]} 31. d6 {[%clk 0:00:10]} g4 {[%clk 0:00:13]} 32. Nd2
{[%clk 0:00:06]} Rd4 {[%clk 0:00:14]} 33. Nc4 {[%clk 0:00:05]} Re4
{[%clk 0:00:11]} 34. dxc7 Qxc7 {[%clk 0:00:08]} 35. Nd6 {[%clk 0:00:06]} Re5
{[%clk 0:00:09]} 36. Rf1 {[%clk 0:00:04]} Qd7 {[%clk 0:00:06]} 37. hxg4
{[%clk 0:00:04]} hxg4 {[%clk 0:00:07]} 38. Qc4 {[%clk 0:00:03]} Qe6
{[%clk 0:00:07]} 39. Qc1 {[%clk 0:00:04]} Kg6 {[%clk 0:00:07]} 40. Qd1
{[%clk 0:00:04]} Qd5 {[%clk 0:00:05]} 41. Qc2 {[%clk 0:00:05]} b6
{[%clk 0:00:06]} 42. c6 {[%clk 0:00:05]} Qxd6 {[%clk 0:00:06]} 43. c7 Re8
{[%clk 0:00:04]} 44. Qxf5+ Kg7 45. Qxg4+ {[%clk 0:00:07]} Kf8 {[%clk 0:00:05]}
46. c8=Q {[%clk 0:00:08]} Rxc8 {[%clk 0:00:06]} 47. Qxc8+ {[%clk 0:00:09]} Kg7
{[%clk 0:00:08]} 48. Qg4+ {[%clk 0:00:10]} Kf8 {[%clk 0:00:10]} 49. Qf4
{[%clk 0:00:12]} Qxf4 {[%clk 0:00:09]} 50. Rxf4 {[%clk 0:00:13]} Be7 51. Re4
{[%clk 0:00:14]} Ke8 {[%clk 0:00:11]} 52. Kg1 {[%clk 0:00:15]} Kd7
{[%clk 0:00:12]} 53. Kf2 {[%clk 0:00:16]} Bd6 {[%clk 0:00:13]} 54. Ke3
{[%clk 0:00:17]} Kc6 {[%clk 0:00:14]} 55. Kd3 {[%clk 0:00:18]} Kd5
{[%clk 0:00:15]} 56. Rd4+ {[%clk 0:00:18]} Ke5 {[%clk 0:00:17]} 57. g4
{[%clk 0:00:16]} a6 {[%clk 0:00:14]} 58. a4 {[%clk 0:00:17]} Ke6 {[%clk 0:00:14]}
59. Ke4 {[%clk 0:00:16]} f6 {[%clk 0:00:13]} 60. b5 {[%clk 0:00:17]} axb5
{[%clk 0:00:13]} 61. axb5 {[%clk 0:00:18]} Bc5 {[%clk 0:00:14]} 62. Rd8
{[%clk 0:00:18]} Ke7 {[%clk 0:00:15]} 63. Rc8 {[%clk 0:00:16]} Ke6
{[%clk 0:00:15]} 64. Rc6+ {[%clk 0:00:17]} Ke7 {[%clk 0:00:16]} 65. Kd5
{[%clk 0:00:17]} Bg1 {[%clk 0:00:17]} 66. Rc7+ {[%clk 0:00:17]} Kd8
{[%clk 0:00:18]} 67. Rf7 {[%clk 0:00:17]} 1-0

[Event "Blitz 2018"]
[Site "Saint-Petersburg"]
[Date "2018.12.29"]
[Round "8"]
[Board "41"]
[White "Paravyan David (RUS)"]
[Black "Abdusattorov Nodirbek (UZB)"]
[Result "1-0"]
[LiveChessVersion "1.4.8"]
[BlackElo "2469"]
[WhiteElo "2629"]

1. d4 {[%clk 0:03:03]} Nf6 2. c4 e6 {[%clk 0:03:03]} 3. g3 {[%clk 0:03:06]} c5
{[%clk 0:03:03]} 4. Nf3 {[%clk 0:03:07]} cxd4 {[%clk 0:03:04]} 5. Nxd4
{[%clk 0:03:09]} Bb4+ {[%clk 0:03:01]} 6. Bd2 {[%clk 0:03:06]} Be7
{[%clk 0:03:02]} 7. Bg2 {[%clk 0:03:06]} Nc6 {[%clk 0:03:03]} 8. Nf3
{[%clk 0:03:01]} O-O {[%clk 0:03:02]} 9. O-O {[%clk 0:03:01]} b6 {[%clk 0:03:00]}
10. Nc3 {[%clk 0:02:57]} Bb7 {[%clk 0:03:01]} 11. Bf4 {[%clk 0:02:58]} Rc8
{[%clk 0:02:55]} 12. Rc1 {[%clk 0:02:58]} d6 {[%clk 0:02:48]} 13. Nb5
{[%clk 0:02:40]} Ne8 {[%clk 0:02:36]} 14. Nfd4 {[%clk 0:02:26]} a6
{[%clk 0:01:59]} 15. Bxc6 {[%clk 0:02:15]} Bxc6 {[%clk 0:01:59]} 16. Na7
{[%clk 0:02:15]} Bb7 {[%clk 0:01:53]} 17. Nxc8 {[%clk 0:02:14]} Qxc8
{[%clk 0:01:54]} 18. Be3 {[%clk 0:02:12]} Nf6 {[%clk 0:01:52]} 19. f3
{[%clk 0:02:13]} Qc7 {[%clk 0:01:41]} 20. Bf2 {[%clk 0:02:06]} h5
{[%clk 0:01:41]} 21. e4 {[%clk 0:01:41]} Rc8 {[%clk 0:01:30]} 22. Ne2
{[%clk 0:01:39]} Nd7 {[%clk 0:01:25]} 23. Nf4 {[%clk 0:01:37]} h4
{[%clk 0:01:23]} 24. Nd3 {[%clk 0:01:35]} hxg3 {[%clk 0:01:23]} 25. hxg3
{[%clk 0:01:37]} Qb8 {[%clk 0:01:16]} 26. Qe2 {[%clk 0:01:37]} Nc5
{[%clk 0:01:12]} 27. Nxc5 {[%clk 0:01:37]} bxc5 {[%clk 0:01:11]} 28. Kg2
{[%clk 0:01:37]} Bf6 {[%clk 0:01:08]} 29. Rcd1 {[%clk 0:01:36]} g6
{[%clk 0:01:06]} 30. Rh1 {[%clk 0:01:28]} Bc6 {[%clk 0:01:05]} 31. b3
{[%clk 0:01:29]} Be5 {[%clk 0:01:05]} 32. Be3 {[%clk 0:01:20]} Qb7
{[%clk 0:00:57]} 33. Bf4 {[%clk 0:01:18]} Bxf4 {[%clk 0:00:55]} 34. gxf4
{[%clk 0:01:19]} Qe7 {[%clk 0:00:53]} 35. Qf2 {[%clk 0:01:16]} Qf6
{[%clk 0:00:47]} 36. Qh4 {[%clk 0:01:16]} Qb2+ {[%clk 0:00:42]} 37. Kg3
{[%clk 0:01:18]} Bb7 {[%clk 0:00:12]} 38. e5 {[%clk 0:01:11]} Qc3
{[%clk 0:00:10]} 39. Qh8# 1-0

[Event "Blitz 2018"]
[Site "Saint-Petersburg"]
[Date "2018.12.29"]
[Round "8"]
[Board "42"]
[White "Bocharov Ivan (RUS)"]
[Black "Tang Andrew (USA)"]
[Result "1-0"]
[LiveChessVersion "1.4.8"]
[BlackElo "2501"]
[WhiteElo "2715"]

1. e4 {[%clk 0:03:04]} e5 {[%clk 0:03:03]} 2. Nf3 {[%clk 0:03:05]} Nc6
{[%clk 0:03:05]} 3. Bc4 {[%clk 0:03:06]} Bc5 {[%clk 0:03:05]} 4. d3
{[%clk 0:03:07]} Nf6 {[%clk 0:03:06]} 5. O-O {[%clk 0:03:07]} a6 {[%clk 0:03:06]}
6. a4 {[%clk 0:03:05]} d6 {[%clk 0:03:06]} 7. c3 {[%clk 0:03:03]} Ba7
{[%clk 0:03:02]} 8. Nbd2 {[%clk 0:02:55]} O-O {[%clk 0:03:00]} 9. h3
{[%clk 0:02:56]} h6 {[%clk 0:03:00]} 10. Re1 {[%clk 0:02:55]} Be6
{[%clk 0:02:56]} 11. Bxe6 {[%clk 0:02:51]} fxe6 {[%clk 0:02:56]} 12. Nf1
{[%clk 0:02:51]} Nh5 {[%clk 0:02:46]} 13. b4 {[%clk 0:02:51]} Qf6
{[%clk 0:02:40]} 14. Ra2 {[%clk 0:02:50]} Rf7 {[%clk 0:02:30]} 15. N1h2
{[%clk 0:02:48]} Nf4 {[%clk 0:02:27]} 16. Ng4 {[%clk 0:02:41]} Qe7
{[%clk 0:02:20]} 17. Be3 {[%clk 0:02:34]} Raf8 {[%clk 0:02:19]} 18. b5
{[%clk 0:02:30]} Bxe3 {[%clk 0:02:13]} 19. fxe3 {[%clk 0:02:26]} Nxh3+
{[%clk 0:02:06]} 20. gxh3 {[%clk 0:02:27]} Rxf3 {[%clk 0:02:07]} 21. bxc6
{[%clk 0:02:23]} bxc6 {[%clk 0:01:57]} 22. Rf2 {[%clk 0:02:10]} Rxf2
{[%clk 0:01:49]} 23. Nxf2 {[%clk 0:02:10]} Qh4 {[%clk 0:01:50]} 24. Nh1
{[%clk 0:02:03]} Qxh3 {[%clk 0:01:39]} 25. Qe2 {[%clk 0:02:02]} Qh4
{[%clk 0:01:14]} 26. Rf1 {[%clk 0:01:53]} Qg5+ {[%clk 0:01:14]} 27. Kh2
{[%clk 0:01:42]} Rxf1 {[%clk 0:01:14]} 28. Qxf1 {[%clk 0:01:43]} Qxe3
{[%clk 0:01:15]} 29. c4 {[%clk 0:01:35]} Qd2+ {[%clk 0:00:59]} 30. Nf2
{[%clk 0:01:33]} Qa2 {[%clk 0:00:59]} 31. Kg3 {[%clk 0:01:28]} Qxa4
{[%clk 0:00:59]} 32. Qh3 {[%clk 0:01:28]} Kf7 {[%clk 0:01:00]} 33. Qh5+
{[%clk 0:01:29]} Ke7 {[%clk 0:00:58]} 34. Qg6 {[%clk 0:01:30]} a5
{[%clk 0:00:41]} 35. Qxg7+ {[%clk 0:01:30]} Kd8 {[%clk 0:00:42]} 36. Qf8+
{[%clk 0:01:30]} Kd7 {[%clk 0:00:42]} 37. Ng4 {[%clk 0:01:31]} 1-0

[Event "Blitz 2018"]
[Site "Saint-Petersburg"]
[Date "2018.12.29"]
[Round "8"]
[Board "43"]
[White "Yu Yangyi (CHN)"]
[Black "Mikhalevski Victor (ISR)"]
[Result "1/2-1/2"]
[LiveChessVersion "1.4.8"]
[BlackElo "2521"]
[WhiteElo "2804"]

1. e4 {[%clk 0:03:04]} e5 {[%clk 0:03:03]} 2. Nf3 {[%clk 0:03:05]} Nc6
{[%clk 0:03:05]} 3. Bb5 {[%clk 0:03:06]} a6 4. Ba4 Nf6 {[%clk 0:03:07]} 5. O-O
{[%clk 0:03:09]} Nxe4 {[%clk 0:03:08]} 6. d4 {[%clk 0:03:10]} b5 7. Bb3 d5
{[%clk 0:03:11]} 8. dxe5 {[%clk 0:03:13]} Be6 {[%clk 0:03:13]} 9. c3
{[%clk 0:03:11]} Bc5 {[%clk 0:03:11]} 10. Qe2 {[%clk 0:03:10]} O-O
{[%clk 0:03:10]} 11. Be3 {[%clk 0:03:11]} f6 {[%clk 0:03:07]} 12. Nbd2
{[%clk 0:02:32]} Nxd2 {[%clk 0:02:59]} 13. Qxd2 {[%clk 0:02:29]} Bxe3
{[%clk 0:02:57]} 14. Qxe3 {[%clk 0:02:30]} Nxe5 {[%clk 0:02:41]} 15. Nxe5
{[%clk 0:02:30]} fxe5 {[%clk 0:02:43]} 16. Qxe5 {[%clk 0:02:31]} Bf7
{[%clk 0:02:29]} 17. Rfe1 {[%clk 0:02:19]} Re8 {[%clk 0:02:24]} 18. Qf4
{[%clk 0:02:20]} Qd7 {[%clk 0:02:16]} 19. h4 {[%clk 0:02:10]} c5 {[%clk 0:01:51]}
20. Rad1 {[%clk 0:01:58]} Rxe1+ {[%clk 0:01:46]} 21. Rxe1 {[%clk 0:01:59]} Rd8
{[%clk 0:01:47]} 22. Re5 {[%clk 0:01:42]} d4 {[%clk 0:01:19]} 23. cxd4
{[%clk 0:00:30]} Bxb3 {[%clk 0:01:17]} 24. axb3 {[%clk 0:00:31]} cxd4
{[%clk 0:01:18]} 25. Qe4 {[%clk 0:00:24]} h6 {[%clk 0:00:41]} 26. Re7
{[%clk 0:00:25]} Qd6 {[%clk 0:00:42]} 27. Re6 {[%clk 0:00:21]} Qd7
{[%clk 0:00:41]} 28. Re7 {[%clk 0:00:20]} Qd6 {[%clk 0:00:42]} 29. Qb7
{[%clk 0:00:17]} Qf6 {[%clk 0:00:35]} 30. Rd7 {[%clk 0:00:05]} Rxd7 31. Qxd7 Qxh4
{[%clk 0:00:20]} 32. Qc8+ {[%clk 0:00:08]} Kh7 {[%clk 0:00:16]} 33. Qf5+
{[%clk 0:00:08]} Kg8 {[%clk 0:00:15]} 34. Qe6+ {[%clk 0:00:08]} Kh7
{[%clk 0:00:14]} 35. Qf5+ {[%clk 0:00:09]} Kg8 {[%clk 0:00:15]} 36. Qe6+
{[%clk 0:00:10]} Kf8 {[%clk 0:00:11]} 37. Qc8+ {[%clk 0:00:06]} Kf7
{[%clk 0:00:08]} 38. Qd7+ {[%clk 0:00:05]} Kg6 {[%clk 0:00:05]} 39. Qc6+
{[%clk 0:00:03]} Qf6 {[%clk 0:00:06]} 40. Qe4+ {[%clk 0:00:04]} Kf7 41. Qd5+ Ke7
{[%clk 0:00:08]} 42. Qb7+ {[%clk 0:00:06]} Kf8 {[%clk 0:00:08]} 43. Qa8+
{[%clk 0:00:07]} Kf7 {[%clk 0:00:09]} 44. Qd5+ {[%clk 0:00:08]} Kg6
{[%clk 0:00:10]} 45. Qe4+ {[%clk 0:00:09]} Kf7 46. Qd5+ {[%clk 0:00:11]} Kf8
{[%clk 0:00:11]} 47. Qa8+ {[%clk 0:00:12]} Kf7 {[%clk 0:00:12]} 48. Qd5+
{[%clk 0:00:13]} Ke7 {[%clk 0:00:12]} 49. Qb7+ {[%clk 0:00:14]} Kd6
{[%clk 0:00:12]} 50. Qxa6+ {[%clk 0:00:12]} Kc5 {[%clk 0:00:13]} 51. Qa3+
{[%clk 0:00:09]} Kb6 {[%clk 0:00:14]} 52. b4 {[%clk 0:00:08]} Qd6
{[%clk 0:00:12]} 53. Qa5+ {[%clk 0:00:09]} Kc6 {[%clk 0:00:11]} 54. Qa6+
{[%clk 0:00:11]} Kc7 {[%clk 0:00:11]} 55. Qa7+ {[%clk 0:00:09]} Kc8
{[%clk 0:00:10]} 56. Qc5+ {[%clk 0:00:04]} Qxc5 57. bxc5 {[%clk 0:00:06]} b4
{[%clk 0:00:10]} 58. Kf1 {[%clk 0:00:07]} Kc7 {[%clk 0:00:11]} 59. Ke2 Kc6
{[%clk 0:00:13]} 60. Kd3 {[%clk 0:00:08]} Kxc5 {[%clk 0:00:14]} 61. g4
{[%clk 0:00:05]} g6 {[%clk 0:00:12]} 62. f4 {[%clk 0:00:04]} b3 {[%clk 0:00:11]}
63. Ke4 h5 {[%clk 0:00:07]} 64. gxh5 {[%clk 0:00:04]} gxh5 {[%clk 0:00:08]} 65.
f5 {[%clk 0:00:06]} h4 {[%clk 0:00:09]} 66. f6 Kd6 {[%clk 0:00:09]} 67. Kf5
{[%clk 0:00:05]} h3 68. Kg6 h2 {[%clk 0:00:09]} 69. f7 {[%clk 0:00:09]} h1=Q
{[%clk 0:00:09]} 70. f8=Q+ {[%clk 0:00:10]} Kd7 {[%clk 0:00:05]} 71. Qf7+
{[%clk 0:00:09]} Kc6 {[%clk 0:00:05]} 72. Qc4+ {[%clk 0:00:10]} Kb6
{[%clk 0:00:04]} 73. Qxd4+ {[%clk 0:00:11]} Ka5 {[%clk 0:00:05]} 74. Qc5+
{[%clk 0:00:12]} Ka6 {[%clk 0:00:05]} 75. Qa3+ {[%clk 0:00:13]} Kb7
{[%clk 0:00:06]} 76. Qxb3+ {[%clk 0:00:14]} Ka6 {[%clk 0:00:07]} 77. Qa4+
{[%clk 0:00:15]} Kb6 {[%clk 0:00:08]} 78. Qb4+ {[%clk 0:00:17]} Ka6
{[%clk 0:00:09]} 79. Qc4+ {[%clk 0:00:18]} Kb6 {[%clk 0:00:11]} 80. Qb4+
{[%clk 0:00:20]} Ka6 {[%clk 0:00:12]} 81. Qa4+ {[%clk 0:00:19]} Kb6
{[%clk 0:00:13]} 82. Qd4+ {[%clk 0:00:21]} Kb5 {[%clk 0:00:14]} 83. Qd3+
{[%clk 0:00:19]} Kb4 {[%clk 0:00:15]} 84. Qc3+ {[%clk 0:00:20]} Kb5
{[%clk 0:00:17]} 85. Qb3+ {[%clk 0:00:18]} Ka5 {[%clk 0:00:18]} 86. Qc3+
{[%clk 0:00:15]} Kb5 {[%clk 0:00:19]} 87. Qd3+ {[%clk 0:00:16]} Kb4
{[%clk 0:00:20]} 88. Qd4+ {[%clk 0:00:17]} Kb5 {[%clk 0:00:21]} 89. Kg5
{[%clk 0:00:15]} Qf3 {[%clk 0:00:22]} 90. Qd2 {[%clk 0:00:05]} Kc4
{[%clk 0:00:22]} 91. Qc2+ {[%clk 0:00:05]} Kb4 {[%clk 0:00:23]} 92. Qd2+
{[%clk 0:00:05]} Kb3 {[%clk 0:00:23]} 93. Qd4 {[%clk 0:00:05]} Qc6
{[%clk 0:00:21]} 94. Kf4 {[%clk 0:00:04]} Qc1+ {[%clk 0:00:22]} 95. Qe3+
{[%clk 0:00:05]} Qxe3+ {[%clk 0:00:22]} 96. Kxe3 {[%clk 0:00:06]} Kxb2
{[%clk 0:00:23]} 97. Kd4 1/2-1/2